Les DES de médecine - Statistiques

Statistiques générales
  • Ce quiz a été pris 159 fois
  • Le résultat moyen est 16 sur 44
Statistiques - réponses
Réponse % Correct
Médecine cardiovasculaire
85%
Neurologie
73%
Ophtalmologie
65%
Pédiatrie
64%
Pneumologie
61%
Oto-rhino-laryngologie – chirurgie cervico-faciale
59%
Médecine générale
55%
Chirurgie orthopédique et traumatologique
54%
Urologie
53%
Dermatologie et vénérologie
50%
Oncologie
50%
Psychiatrie
50%
Endocrinologie-diabétologie-nutrition
48%
Néphrologie
47%
Médecine d'urgence
44%
Gériatrie
43%
Neurochirurgie
41%
Allergologie
40%
Hématologie
40%
Radiologie et imagerie médicale
40%
Médecine et santé au travail
39%
Rhumatologie
38%
Gynécologie obstétrique
33%
Chirurgie thoracique et cardiovasculaire
31%
Chirurgie maxillo-faciale
28%
Chirurgie viscérale et digestive
28%
Gynécologie médicale
27%
Chirurgie vasculaire
25%
Santé publique
25%
Médecine légale et expertises médicales
24%
Maladies infectieuses et tropicales
23%
Hépato-gastro-entérologie
22%
Anatomie et cytologie pathologiques
21%
Anesthésie-réanimation
20%
Biologie médicale
20%
Médecine vasculaire
19%
Médecine nucléaire
16%
Médecine physique et de réadaptation
15%
Chirurgie pédiatrique
13%
Génétique médicale
11%
Chirurgie orale
10%
Chirurgie plastique, reconstructrice et esthétique
9%
Médecine intensive-réanimation
9%
Médecine interne et immunologie clinique
8%
Aucun quiz correspondant
Distribution des résultats
% des personnes avec chaque résultat
Percentile par nombre de réponses
Votre historique - résultats
Vous n’avez pas pris ce quiz